Scenes from the history of real functions /

Guardado en:
Autor Principal: Medvedev, F. A.
Formato: Libro
Idioma:English
Russian
Publicado: Basel : Birkhäuser Verlag, 1991.
Series:Science networks historical studies ; v. 7
Materias:
Acceso en línea:Reseña (Bull. AMS)
Etiquetas: Agregar Etiqueta
Sin Etiquetas, Sea el primero en etiquetar este registro!
LEADER 01196pam a2200289 a 4500
001 MAT.inmabb003235
008 911017s1991####sz#######b####001#0#eng##
005 20130314154535.0
245 1 0 |a Scenes from the history of real functions /  |c Fyodor A. Medvedev ; translated from the Russian by Roger Cooke. 
260 |a Basel :  |b Birkhäuser Verlag,  |c 1991. 
300 |a 265 p. ;  |c 24 cm. 
440 0 |a Science networks historical studies ;  |v v. 7 
500 |a Traducción de: Ocherki istorii teorii funktsii deistvitel´nogo peremennogo. 1975. 
504 |a Incluye referencias bibliográficas (p. [235]-259) e índice. 
510 4 |a MR,  |c 93d:26001 
510 4 |a Bull. AMS,  |c v. 28 no. 2, Apr. 1993 
020 |a 3764325720 (Basel) 
020 |a 0817625720 (Boston) 
100 1 |a Medvedev, F. A.  |q (Fedor Andreevich) 
240 1 0 |a Ocherki istorii teorii funktsii deistvitel´nogo peremennogo.  |l Inglés 
650 0 |a Functions of real variables  |x History. 
084 |a 26-03 (01A55 01A60)  |2 msc2000 
010 |a  91039148  
040 |a DLC  |c DLC  |d DLC 
041 1 |a eng  |h rus 
856 |u http://www.ams.org/bull/pre-1996-data/199328-2/taylor.pdf  |y Reseña (Bull. AMS) 
859 |p A-7353  |b BIB. MATEMATICA